000 00757nam a2200241 i 4500
003 DO-SdBNP
005 20250801085005.0
007 ta
008 250801b19uu dr ||||| ||00| 0 eng d
040 _aDO-SdBNP
_bspa
_cBNPHU
_erda
041 _aspa
082 _axxxx
_bC778
_222
245 0 0 _a Cooperativas de Ahorro y Crédito de estatutos /
246 0 _aEstatutos de la cooperativa de ahorro y crédito /
264 1 _aSanto Domingo :
_b Federación Dominicana de Cooperativas de Ahorro y Crédito,
_c[19--].
300 _a23 páginas ;
_c21 cm.
336 _atexto
_btxt
_2rdacontent
337 _asin mediación
_bn
_2rdamedia
338 _avolumen
_bnc
_2rdacarrier
590 _aInventariado, 2025/ YL
910 _aYLockward
942 _2ddc
_cLF2
999 _c59701
_d59701